| 000 | 00410cam a2200169ua 4500 | ||
|---|---|---|---|
| 001 | 5663 | ||
| 008 | 131009n ii |||gr||||Z||||||asm | ||
| 040 | _cMAIN | ||
| 082 | _a954.162 | ||
| 100 |
_aBaruah,Swarna Lata, _eEditor. |
||
| 245 | _aChutiya Jatir Buranji | ||
| 260 |
_aAssam: _bAll Chutiya Jati Sanmilan, _c2007. |
||
| 300 | _a701p. | ||
| 653 | _aHistory | ||
| 653 | _aChutiya Jatir Buranji | ||
| 942 | _cBK | ||
| 999 |
_c4822 _d4822 |
||